[Event "Ste Foy Petrosian"]
[Site "Ste Foy"]
[Date "2019.04.06"]
[Round "2"]
[White "Fecteau, Martin"]
[Black "Roy, Benjamin"]
[Result "1-0"]
[WhiteElo "1919"]
[BlackElo "1596"]
[PlyCount "103"]
[EventDate "2019.03.30"]
[EventType "swiss"]
[EventRounds "5"]
[EventCountry "CAN"]
[SourceTitle "EXT 2022"]
[Source "ChessBase"]
[SourceDate "2021.10.06"]
[SourceVersion "1"]
[SourceVersionDate "2021.10.06"]
[SourceQuality "1"]

1. d4 g6 2. e4 Bg7 3. f4 d6 4. Nf3 Nd7 5. Bd3 e5 6. c3 Ngf6 7. 0-0 0-0 8. fxe5 dxe5 9. Nbd2 Ng4 10. Nc4 b5 11. Ne3 exd4 12. Nxg4 dxc3 13. bxc3 Nc5 14. Nge5 a6 15. Be3 Nxd3 16. Qxd3 Qxd3 17. Nxd3 Bxc3 18. Rac1 Ba5 19. Nc5 Bb6 20. Bf2 Re8 21. Rfe1 h6 22. Kf1 g5 23. h3 a5 24. Nd4 b4 25. Nf5 Kh7 26. Kg1 a4 27. Nd3 Ba5 28. Red1 Rxe4 29. Ng3 Re8 30. Nc5 Bb6 31. Nce4 Bxf2+ 32. Kxf2 Re7 33. Nf6+ Kg6 34. Nd5 Re5 35. Nxb4 c5 36. Nd3 Rd5 37. Nxc5 Be6 38. Nxe6 fxe6 39. Re1 Rf8+ 40. Kg1 Rd6 41. Rc3 Rf4 42. Rce3 Kf7 43. Ne2 Rb4 44. Nc3 Rc6 45. Kh1 Rbc4 46. Rf3+ Ke7 47. Ree3 h5 48. Nd5+ Kd6 49. Nf6 g4 50. hxg4 hxg4 51. Rg3 Rc7 52. Ne8+ 1-0

[Event "Ste Foy Morphy"]
[Site "Ste Foy"]
[Date "2019.03.23"]
[Round "5"]
[White "Fecteau, Martin"]
[Black "Laflamme, Simon"]
[Result "1/2-1/2"]
[WhiteElo "1951"]
[BlackElo "1973"]
[PlyCount "55"]
[EventDate "2019.02.16"]
[EventType "swiss"]
[EventRounds "5"]
[EventCountry "CAN"]
[SourceTitle "EXT 2022"]
[Source "ChessBase"]
[SourceDate "2021.10.06"]
[SourceVersion "1"]
[SourceVersionDate "2021.10.06"]
[SourceQuality "1"]

1. d4 Nf6 2. c4 e6 3. Nf3 b6 4. g3 Bb4+ 5. Bd2 Be7 6. Bg2 c6 7. 0-0 d5 8. cxd5 cxd5 9. Nc3 0-0 10. Rc1 Bb7 11. Nb5 Nc6 12. Qa4 a6 13. Na3 Qd7 14. Qb3 b5 15. Nc2 Rfc8 16. Rfd1 Ne4 17. Be1 Rc7 18. Nb4 Na5 19. Qd3 Nc4 20. Qb1 Rac8 21. Nd3 f6 22. b3 Na3 23. Rxc7 Rxc7 24. Qa1 Nc2 25. Qb1 Na3 26. Qa1 Nc2 27. Qb1 Na3 28. Qa1 1/2-1/2

[Event "Ste Foy Morphy"]
[Site "Ste Foy"]
[Date "2019.03.09"]
[Round "4"]
[White "Sarra Bournet, Marc"]
[Black "Fecteau, Martin"]
[Result "0-1"]
[WhiteElo "1852"]
[BlackElo "1951"]
[PlyCount "64"]
[EventDate "2019.02.16"]
[EventType "swiss"]
[EventRounds "5"]
[EventCountry "CAN"]
[SourceTitle "EXT 2022"]
[Source "ChessBase"]
[SourceDate "2021.10.06"]
[SourceVersion "1"]
[SourceVersionDate "2021.10.06"]
[SourceQuality "1"]

1. e4 c5 2. Nc3 Nc6 3. f4 g6 4. Nf3 Bg7 5. Bb5 Nd4 6. Bc4 e6 7. Nxd4 cxd4 8. Nb5 d6 9. c3 Ne7 10. Nxd4 0-0 11. Nf3 d5 12. exd5 exd5 13. Bb3 Nf5 14. 0-0 d4 15. cxd4 Nxd4 16. Nxd4 Qxd4+ 17. Kh1 Bf5 18. Qf3 Bd3 19. Re1 Rfe8 20. Re3 Re4 21. Rxe4 Bxe4 22. Qe3 Bd3 23. h3 Kf8 24. Qxd4 Bxd4 25. Bd5 h5 26. a4 Re8 27. Bxb7 h4 28. g3 Re1+ 29. Kh2 Re2+ 30. Kh1 hxg3 31. Bg2 Re1+ 32. Bf1 Bxf1 0-1

[Event "Ste Foy Euwe"]
[Site "Ste Foy"]
[Date "2019.02.02"]
[Round "4"]
[White "Fecteau, Martin"]
[Black "Sirois, Eric"]
[Result "1-0"]
[WhiteElo "1933"]
[BlackElo "1770"]
[PlyCount "157"]
[EventDate "2019.01.12"]
[EventType "swiss"]
[EventRounds "5"]
[EventCountry "CAN"]
[SourceTitle "EXT 2022"]
[Source "ChessBase"]
[SourceDate "2021.10.06"]
[SourceVersion "1"]
[SourceVersionDate "2021.10.06"]
[SourceQuality "1"]

1. d4 Nf6 2. c4 e6 3. g3 d5 4. Bg2 c6 5. Nf3 Nbd7 6. Qc2 Bb4+ 7. Nbd2 0-0 8. 0-0 b6 9. a3 Be7 10. e4 Bb7 11. b4 c5 12. exd5 exd5 13. bxc5 bxc5 14. dxc5 dxc4 15. Nxc4 Rc8 16. Be3 Bxc5 17. Qb2 Ba6 18. Rfc1 Bxc4 19. Rxc4 Bxe3 20. Rxc8 Qxc8 21. fxe3 Qc5 22. Qd4 Re8 23. Qxc5 Nxc5 24. Rc1 Nfe4 25. Nd4 g6 26. Nc6 Nd3 27. Rc4 Nef2 28. e4 f5 29. e5 Ng4 30. e6 Ne3 31. Rc3 Nxg2 32. Rxd3 Rxe6 33. Nxa7 Ne1 34. Rc3 Kf7 35. Kf2 h6 36. Nb5 g5 37. Re3 Nc2 38. Rc3 Rb6 39. a4 Nb4 40. Rb3 Nd5 41. Ke2 Ke7 42. Kd3 Kd7 43. Kd4 Ne7 44. Rd3 Kc6 45. Kc4 Nc8 46. Rd5 Ra6 47. Rc5+ Kd7 48. Kb4 Rf6 49. Rc7+ Kd8 50. Rc2 f4 51. gxf4 gxf4 52. Nd4 Ne7 53. a5 Rd6 54. Nf3 Rd3 55. Rd2 Nc6+ 56. Kb5 Nd4+ 57. Ka6 Rxd2 58. Nxd2 Kc8 59. Kb6 Kb8 60. Kc5 Nf5 61. Kd5 Nh4 62. Ke4 Ka7 63. Kxf4 Ka6 64. Nb3 Ng6+ 65. Kf5 Ne7+ 66. Kf6 Nc6 67. h4 Kb5 68. Kg7 h5 69. Kg6 Kc4 70. Kxh5 Kxb3 71. a6 Kc4 72. Kg6 Kb5 73. a7 Nxa7 74. h5 Nc6 75. h6 Ne5+ 76. Kg7 Nf3 77. h7 Ng5 78. h8Q Ne6+ 79. Kf6 1-0

[Event "Ste Foy Euwe"]
[Site "Ste Foy"]
[Date "2019.01.12"]
[Round "1"]
[White "Milette, Patrick"]
[Black "Fecteau, Martin"]
[Result "1/2-1/2"]
[WhiteElo "1820"]
[BlackElo "1933"]
[PlyCount "69"]
[EventDate "2019.01.12"]
[EventType "swiss"]
[EventRounds "5"]
[EventCountry "CAN"]
[SourceTitle "EXT 2022"]
[Source "ChessBase"]
[SourceDate "2021.10.06"]
[SourceVersion "1"]
[SourceVersionDate "2021.10.06"]
[SourceQuality "1"]

1. c4 e5 2. g3 Nc6 3. Bg2 Nf6 4. Nc3 Bc5 5. Nf3 0-0 6. 0-0 Re8 7. a3 a5 8. Rb1 d5 9. cxd5 Nxd5 10. d3 h6 11. Nd2 Nf6 12. Nde4 Nxe4 13. Nxe4 Bb6 14. Bd2 f5 15. Nc3 Be6 16. Na4 Ba7 17. b4 axb4 18. axb4 Bd5 19. Bxd5+ Qxd5 20. Nc3 Qf7 21. b5 Ne7 22. Qc1 Bb6 23. Be3 Bxe3 24. Qxe3 Nd5 25. Nxd5 Qxd5 26. Rfc1 Qf7 27. Qc5 Re7 28. Ra1 Rxa1 29. Rxa1 Kh7 30. Ra7 b6 31. Qc6 Qb3 32. Kg2 Qb2 33. Kf1 Qb1+ 34. Kg2 Qb2 35. Kf1 1/2-1/2

[Event "Ste Foy Tal"]
[Site "Ste Foy"]
[Date "2018.12.08"]
[Round "3"]
[White "Fecteau, Martin"]
[Black "Desbiens, Raphael"]
[Result "1-0"]
[WhiteElo "1912"]
[BlackElo "2155"]
[PlyCount "91"]
[EventDate "2018.11.24"]
[EventType "swiss"]
[EventRounds "4"]
[EventCountry "CAN"]
[SourceTitle "EXT 2022"]
[Source "ChessBase"]
[SourceDate "2021.10.06"]
[SourceVersion "1"]
[SourceVersionDate "2021.10.06"]
[SourceQuality "1"]

1. d4 Nf6 2. c4 g6 3. g3 c6 4. Bg2 d5 5. Nf3 Bg7 6. 0-0 0-0 7. Nbd2 Bf5 8. Nh4 Be6 9. c5 b6 10. Nb3 Nbd7 11. Qc2 bxc5 12. dxc5 Ne8 13. Be3 Ne5 14. Bd4 f5 15. Nf3 Nc4 16. Bxg7 Nxg7 17. Nbd4 Qc7 18. b3 Na5 19. Ng5 Bd7 20. f4 e5 21. fxe5 Qxe5 22. Ngf3 Qe3+ 23. Kh1 f4 24. Qd2 Qxd2 25. Nxd2 fxg3 26. hxg3 Nb7 27. b4 Nf5 28. Nxf5 Bxf5 29. e4 dxe4 30. Nxe4 Rae8 31. Rae1 Kg7 32. Kg1 h5 33. Nd6 Nxd6 34. cxd6 Bd7 35. Rc1 Rxf1+ 36. Kxf1 Rc8 37. Re1 Re8 38. Rxe8 Bxe8 39. Bh3 Kf6 40. d7 Ke7 41. dxe8Q+ Kxe8 42. Ke2 Ke7 43. Kd3 Kd6 44. Kd4 g5 45. Bg2 g4 46. a4 1-0

[Event "Quebec Montcalm op 3 2018-19"]
[Site "Quebec"]
[Date "2018.11.29"]
[Round "3"]
[White "Fecteau, Martin"]
[Black "Gaulin, Gaetan"]
[Result "0-1"]
[WhiteElo "1913"]
[BlackElo "1952"]
[PlyCount "94"]
[EventDate "2018.11.15"]
[EventType "swiss"]
[EventRounds "5"]
[EventCountry "CAN"]
[SourceTitle "EXT 2022"]
[Source "ChessBase"]
[SourceDate "2021.10.06"]
[SourceVersion "1"]
[SourceVersionDate "2021.10.06"]
[SourceQuality "1"]

1. d4 Nf6 2. c4 e6 3. g3 d5 4. Bg2 Be7 5. Nf3 0-0 6. 0-0 dxc4 7. Ne5 c5 8. dxc5 Bxc5 9. Qxd8 Rxd8 10. Nxc4 Nc6 11. Nc3 Bd7 12. Bf4 Be8 13. Nb5 Nd5 14. Nc7 Nxc7 15. Bxc7 Rd4 16. b3 Rc8 17. Bf4 Rd7 18. Rfd1 Rcd8 19. Rxd7 Rxd7 20. Kf1 Kf8 21. Ne5 Nxe5 22. Bxe5 f6 23. Bc3 Rc7 24. Bb2 Bc6 25. Bxc6 Rxc6 26. Rc1 Ke7 27. e3 e5 28. Ke2 Ke6 29. g4 e4 30. g5 a6 31. gxf6 gxf6 32. Rc4 f5 33. f3 Kd5 34. fxe4+ fxe4 35. Rc1 Rh6 36. Rd1+ Ke6 37. Rh1 Rh3 38. Bd4 Bd6 39. Rf1 Rxh2+ 40. Kd1 Be7 41. a4 h5 42. Rg1 h4 43. Rg4 Kd5 44. Rg7 Bd6 45. Rxb7 h3 46. Rh7 Rh1+ 47. Ke2 h2 0-1

[Event "Quebec Montcalm op 3 2018-19"]
[Site "Quebec"]
[Date "2018.11.15"]
[Round "1"]
[White "Fecteau, Martin"]
[Black "Labrecque, Rejean"]
[Result "1-0"]
[WhiteElo "1913"]
[BlackElo "1701"]
[PlyCount "151"]
[EventDate "2018.11.15"]
[EventType "swiss"]
[EventRounds "5"]
[EventCountry "CAN"]
[SourceTitle "EXT 2022"]
[Source "ChessBase"]
[SourceDate "2021.10.06"]
[SourceVersion "1"]
[SourceVersionDate "2021.10.06"]
[SourceQuality "1"]

1. c4 e5 2. Nc3 Nf6 3. g3 g6 4. Bg2 Bg7 5. Nf3 Nc6 6. 0-0 0-0 7. d3 d6 8. Rb1 Ne7 9. b4 c6 10. b5 Bd7 11. Ba3 Qc7 12. Qb3 Rfe8 13. Ng5 h6 14. Nge4 Nxe4 15. Nxe4 c5 16. Nc3 b6 17. Bxa8 Rxa8 18. e4 Bh3 19. Rfe1 Qd7 20. f3 f5 21. Nd1 g5 22. Nf2 g4 23. Nxh3 gxh3 24. Kh1 Kh7 25. Bc1 Ng6 26. Be3 Rf8 27. Bf2 f4 28. g4 Bf6 29. Rg1 Bh4 30. Qc2 Qe7 31. Qe2 Rg8 32. a4 Nf8 33. Qf1 Ne6 34. Rb2 Bxf2 35. Rxf2 Qh4 36. Ra2 Rg7 37. a5 Rb7 38. axb6 axb6 39. Qe1 Qxe1 40. Rxe1 Nd4 41. Rf1 Kg7 42. Kg1 Nb3 43. Kf2 Na5 44. Ke2 Kf6 45. Kf2 Ra7 46. Rfa1 Ke6 47. Ra3 Ra8 48. Rg1 Rg8 49. Raa1 Kd7 50. Ke2 Ke6 51. Kd1 Kd7 52. Kc2 Kc7 53. g5 hxg5 54. Rg4 Nb7 55. Rag1 Nd8 56. Rxg5 Rxg5 57. Rxg5 Ne6 58. Rh5 Nd4+ 59. Kd1 Nxf3 60. Rxh3 Ng5 61. Rh5 Ne6 62. Ke1 f3 63. Kf2 Nf4 64. Rh7+ Kc8 65. Kxf3 Nxd3 66. Rf7 Nb2 67. h4 Nxc4 68. h5 Nd2+ 69. Ke3 Nc4+ 70. Ke2 d5 71. exd5 Nd6 72. Rf6 Nxb5 73. Kd3 Nc7 74. h6 Nxd5 75. Rf8+ Kd7 76. h7 1-0

[Event "Quebec Montcalm op 1 2018-19"]
[Site "Quebec"]
[Date "2018.09.13"]
[Round "2"]
[White "Fecteau, Martin"]
[Black "Desbiens, Raphael"]
[Result "0-1"]
[WhiteElo "1914"]
[BlackElo "2175"]
[PlyCount "120"]
[EventDate "2018.09.06"]
[EventType "swiss"]
[EventRounds "5"]
[EventCountry "CAN"]
[SourceTitle "EXT 2022"]
[Source "ChessBase"]
[SourceDate "2021.10.06"]
[SourceVersion "1"]
[SourceVersionDate "2021.10.06"]
[SourceQuality "1"]

1. d4 Nf6 2. c4 g6 3. g3 c6 4. Bg2 d5 5. Nf3 Bg7 6. 0-0 0-0 7. Nc3 dxc4 8. Ne5 Ng4 9. Nf3 Nd7 10. a4 a5 11. Qc2 Nb6 12. h3 Nf6 13. e4 Be6 14. Be3 Ra6 15. Ng5 Qc8 16. Nxe6 Qxe6 17. f4 Nfd5 18. Bf2 Nb4 19. Qd2 f5 20. e5 N6d5 21. Nxd5 cxd5 22. Qc3 Rc8 23. Be3 Qd7 24. Rfc1 b5 25. axb5 Qxb5 26. Rcb1 e6 27. Qc1 Bf8 28. Bd2 Nc6 29. Bc3 a4 30. Bf3 Na5 31. Qe1 Nb3 32. Ra2 Be7 33. g4 fxg4 34. hxg4 Rf8 35. Qe3 Qe8 36. Rf1 Qf7 37. Bd1 g5 38. f5 exf5 39. gxf5 g4 40. f6 Bxf6 41. Rxf6 Rxf6 42. exf6 Qxf6 43. Be2 h5 44. Rxa4 h4 45. Bb4 Rf7 46. Ra8+ Kh7 47. Be1 Re7 48. Qf2 Qxf2+ 49. Kxf2 g3+ 50. Kf1 g2+ 51. Kg1 Rxe2 52. Bxh4 Nxd4 53. Bf2 Nb3 54. Kxg2 Rxb2 55. Rc8 Kg6 56. Kf3 Kf5 57. Be3 Nd2+ 58. Bxd2 Rxd2 59. Ke3 Rd3+ 60. Ke2 Ke4 0-1

[Event "Ste Foy Jeudi 1"]
[Site "Ste Foy"]
[Date "2018.07.19"]
[Round "5"]
[White "Fecteau, Martin"]
[Black "Fleury, Dominic"]
[Result "1-0"]
[WhiteElo "1965"]
[BlackElo "1224"]
[PlyCount "90"]
[EventDate "2018.07.??"]
[EventType "swiss"]
[EventRounds "5"]
[EventCountry "CAN"]
[SourceTitle "EXT 2022"]
[Source "ChessBase"]
[SourceDate "2021.10.06"]
[SourceVersion "1"]
[SourceVersionDate "2021.10.06"]
[SourceQuality "1"]

1. d4 d5 2. c4 Nf6 3. cxd5 Nxd5 4. e4 Nf6 5. e5 Nd5 6. Nc3 Nc6 7. Nf3 Bf5 8. a3 e6 9. Be2 Be7 10. 0-0 0-0 11. h3 h6 12. Bd3 Bg5 13. Bxg5 hxg5 14. g4 Bxd3 15. Qxd3 Nf4 16. Qe4 Nxh3+ 17. Kh2 Nf4 18. Kg3 g6 19. Rh1 Kg7 20. Nxg5 Qxg5 21. Qxf4 Qxf4+ 22. Kxf4 Nxd4 23. Ne4 b6 24. Rad1 c5 25. b4 Rac8 26. bxc5 bxc5 27. Rhe1 Rh8 28. Rd2 Rh3 29. Re3 Rxe3 30. fxe3 Nb3 31. Rd7 c4 32. Nc3 a5 33. Kg5 Rc5 34. Kf4 g5+ 35. Ke4 Kg6 36. Rd8 f6 37. exf6 Kxf6 38. Kf3 Rc7 39. Kg3 Na1 40. Ra8 Rc5 41. Kf3 Nc2 42. Ne4+ Ke7 43. Nxc5 c3 44. Ne4 Nxe3 45. Kxe3 c2 1-0

[Event "Ste Foy Jeudi 1"]
[Site "Ste Foy"]
[Date "2018.06.28"]
[Round "3"]
[White "Garcia Casillas, Carlos"]
[Black "Fecteau, Martin"]
[Result "1-0"]
[WhiteElo "1789"]
[BlackElo "1965"]
[PlyCount "51"]
[EventDate "2018.06.14"]
[EventType "swiss"]
[EventRounds "5"]
[EventCountry "CAN"]
[SourceTitle "EXT 2022"]
[Source "ChessBase"]
[SourceDate "2021.10.06"]
[SourceVersion "1"]
[SourceVersionDate "2021.10.06"]
[SourceQuality "1"]

1. e4 c5 2. Nf3 d6 3. d4 cxd4 4. Nxd4 Nf6 5. Nc3 a6 6. Be3 e5 7. Nb3 Be6 8. f3 Nbd7 9. Qd2 h5 10. h4 Qc7 11. 0-0-0 Nb6 12. Qf2 Nc4 13. Bg5 b5 14. Kb1 Rc8 15. Nd5 Nxd5 16. exd5 Bf5 17. Bd3 Bd7 18. f4 Bg4 19. Rde1 Kd7 20. Bxc4 Qxc4 21. fxe5 Qxd5 22. Rhf1 Be6 23. exd6 Bxd6 24. Rd1 Qc4 25. Rd4 Qc6 26. Rfd1 1-0

[Event "Ste Foy Morphy"]
[Site "Ste Foy"]
[Date "2018.03.10"]
[Round "4"]
[White "Michaud, Jacques"]
[Black "Fecteau, Martin"]
[Result "1/2-1/2"]
[WhiteElo "1484"]
[BlackElo "1952"]
[PlyCount "111"]
[EventDate "2018.02.17"]
[EventType "swiss"]
[EventRounds "5"]
[EventCountry "CAN"]
[SourceTitle "EXT 2022"]
[Source "ChessBase"]
[SourceDate "2021.10.06"]
[SourceVersion "1"]
[SourceVersionDate "2021.10.06"]
[SourceQuality "1"]

1. d4 d5 2. c4 c6 3. Nc3 Nf6 4. Bg5 e6 5. e4 dxe4 6. Nxe4 Nbd7 7. Nf3 Qa5+ 8. Bd2 Qb6 9. Nc3 Be7 10. Qb3 0-0 11. Qxb6 Nxb6 12. Bd3 c5 13. Be3 cxd4 14. Bxd4 Nbd7 15. 0-0 b6 16. Ne5 Bb7 17. Nxd7 Nxd7 18. Be4 Bxe4 19. Nxe4 Rac8 20. b3 Nc5 21. Nxc5 Bxc5 22. Rad1 Rfd8 23. Bxc5 bxc5 24. Rfe1 f6 25. Kf1 Kf7 26. Ke2 a5 27. Rxd8 Rxd8 28. Rd1 Ke7 29. Rxd8 Kxd8 30. Kd3 Kc7 31. Ke4 Kd6 32. g4 g6 33. h4 f5+ 34. gxf5 exf5+ 35. Kf4 h6 36. h5 gxh5 37. Kxf5 Ke7 38. Ke5 h4 39. Kf4 h5 40. Kf3 Kf6 41. Kg2 Kf5 42. Kh3 Kg5 43. f3 Kf4 44. Kxh4 Kxf3 45. Kxh5 Ke3 46. Kg5 Kd3 47. Kf5 Kc3 48. Ke5 Kb2 49. Kd5 Kxa2 50. Kxc5 Kxb3 51. Kd5 a4 52. c5 a3 53. c6 a2 54. c7 a1Q 55. c8Q Qc3 56. Qxc3+ 1/2-1/2

[Event "Quebec Montcalm op 5 2017-18"]
[Site "Quebec"]
[Date "2018.03.08"]
[Round "4"]
[White "Sarra Bournet, Marc"]
[Black "Fecteau, Martin"]
[Result "1-0"]
[WhiteElo "1921"]
[BlackElo "1952"]
[PlyCount "47"]
[EventDate "2018.02.15"]
[EventType "swiss"]
[EventRounds "5"]
[EventCountry "CAN"]
[SourceTitle "EXT 2022"]
[Source "ChessBase"]
[SourceDate "2021.10.06"]
[SourceVersion "1"]
[SourceVersionDate "2021.10.06"]
[SourceQuality "1"]

1. e4 c5 2. Nc3 d6 3. f4 Nc6 4. Nf3 g6 5. Bc4 Bg7 6. f5 e6 7. 0-0 exf5 8. d3 Nge7 9. Bg5 h6 10. Bh4 g5 11. Bf2 0-0 12. Rb1 Na5 13. Nd2 Nxc4 14. Nxc4 b6 15. Nb5 d5 16. exd5 Nxd5 17. Nbd6 Be6 18. c3 Qd7 19. a4 Ne7 20. d4 cxd4 21. Bxd4 Nc6 22. Bxg7 Kxg7 23. Qf3 Ne5 24. Nxf5+ 1-0

[Event "Quebec Botvinnick"]
[Site "Quebec"]
[Date "2018.02.19"]
[Round "4"]
[White "Fecteau, Martin"]
[Black "Bluteau, Yvon"]
[Result "0-1"]
[WhiteElo "1984"]
[BlackElo "1767"]
[PlyCount "98"]
[EventDate "2018.01.29"]
[EventType "swiss"]
[EventRounds "5"]
[EventCountry "CAN"]
[SourceTitle "EXT 2022"]
[Source "ChessBase"]
[SourceDate "2021.10.06"]
[SourceVersion "1"]
[SourceVersionDate "2021.10.06"]
[SourceQuality "1"]

1. d4 d5 2. c4 e6 3. Nf3 Nf6 4. g3 Be7 5. Bg2 0-0 6. 0-0 c6 7. b3 Ne4 8. Bb2 Nd7 9. Nbd2 Ndf6 10. Qc2 Bd7 11. Ne5 Nxd2 12. Qxd2 Be8 13. Qc2 Nd7 14. Nd3 Rc8 15. Rac1 Nf6 16. Ne5 Bd7 17. c5 Ne8 18. b4 f6 19. Nd3 Nc7 20. h4 Be8 21. Nf4 g5 22. hxg5 fxg5 23. Nd3 Bg6 24. Qd2 Bf6 25. Ne5 Bxe5 26. dxe5 Qe7 27. e3 Rf7 28. f4 Rcf8 29. Rf2 Ne8 30. Bf1 a6 31. a4 Ng7 32. Rh2 Be4 33. Bd3 Bxd3 34. Qxd3 Nf5 35. Rg2 Rg7 36. Bc3 Qf7 37. Be1 gxf4 38. exf4 Rg4 39. b5 axb5 40. axb5 Kh8 41. bxc6 bxc6 42. Bf2 Rfg8 43. Kf1 Qh5 44. Ke1 Rxf4 45. gxf4 Rxg2 46. Qe2 Qh2 47. Qf3 Ng3 48. Qa3 Qh1+ 49. Kd2 Rxf2+ 0-1

[Event "Quebec Botvinnick"]
[Site "Quebec"]
[Date "2018.02.12"]
[Round "3"]
[White "Bernatchez, Dan"]
[Black "Fecteau, Martin"]
[Result "0-1"]
[WhiteElo "1967"]
[BlackElo "1984"]
[PlyCount "82"]
[EventDate "2018.01.29"]
[EventType "swiss"]
[EventRounds "5"]
[EventCountry "CAN"]
[SourceTitle "EXT 2022"]
[Source "ChessBase"]
[SourceDate "2021.10.06"]
[SourceVersion "1"]
[SourceVersionDate "2021.10.06"]
[SourceQuality "1"]

1. d4 d5 2. c4 c6 3. g3 Bf5 4. Bg2 e6 5. Nf3 h6 6. 0-0 Nf6 7. Nc3 Bd6 8. Re1 0-0 9. b3 Nbd7 10. Bb2 Ne4 11. Nxe4 Bxe4 12. Ne5 Bxg2 13. Nxd7 Qxd7 14. Kxg2 Bb4 15. Rf1 f5 16. Qd3 Bd6 17. e3 Rae8 18. f4 Be7 19. a4 Rf6 20. a5 a6 21. Ba3 Bd8 22. Bc5 Bc7 23. Qe2 Kh7 24. Kf2 Qf7 25. Ra2 g5 26. h3 Rg8 27. Rg1 Rfg6 28. Qd3 gxf4 29. exf4 Bxf4 30. g4 Kh8 31. Qf3 Bb8 32. Re2 Rf6 33. g5 hxg5 34. Re3 Rh6 35. Qe2 g4 36. hxg4 Rh2+ 37. Rg2 Rxg2+ 38. Kxg2 Rxg4+ 39. Kf1 Qg6 40. Rf3 Rg1+ 41. Kf2 Rg2+ 0-1

[Event "Ste Foy Euwe"]
[Site "Ste Foy"]
[Date "2018.02.10"]
[Round "5"]
[White "Fecteau, Martin"]
[Black "Desbiens, Raphael"]
[Result "0-1"]
[WhiteElo "1993"]
[BlackElo "1978"]
[PlyCount "68"]
[EventDate "2018.01.13"]
[EventType "swiss"]
[EventRounds "5"]
[EventCountry "CAN"]
[SourceTitle "EXT 2022"]
[Source "ChessBase"]
[SourceDate "2021.10.06"]
[SourceVersion "1"]
[SourceVersionDate "2021.10.06"]
[SourceQuality "1"]

1. d4 Nf6 2. c4 g6 3. g3 Bg7 4. Bg2 c6 5. Nf3 0-0 6. 0-0 d5 7. Nc3 dxc4 8. Ne5 Ng4 9. f4 Na6 10. a3 Nxe5 11. fxe5 c5 12. e3 Rb8 13. Ne2 Nc7 14. Bd2 Bg4 15. Qe1 cxd4 16. Nxd4 Bxe5 17. Bc3 Bg7 18. h3 Bd7 19. Rd1 e5 20. Nf3 f6 21. Nd2 Qc8 22. Kh2 Be6 23. Ne4 Nd5 24. Nd6 Qc6 25. Bxd5 Bxd5 26. e4 Be6 27. Qf2 Rfd8 28. Qxa7 Ra8 29. Qxb7 Rxd6 30. Qxa8+ Qxa8 31. Rxd6 Kf7 32. Bxe5 Qxe4 33. Bd4 Qe2+ 34. Rf2 Qh5 0-1

[Event "Ste Foy Tal"]
[Site "Ste Foy"]
[Date "2017.11.25"]
[Round "1"]
[White "Fecteau, Martin"]
[Black "Labrecque, Rejean"]
[Result "1/2-1/2"]
[WhiteElo "1958"]
[BlackElo "1637"]
[PlyCount "108"]
[EventDate "2017.11.25"]
[EventType "swiss"]
[EventRounds "5"]
[EventCountry "CAN"]
[SourceTitle "EXT 2022"]
[Source "ChessBase"]
[SourceDate "2021.10.06"]
[SourceVersion "1"]
[SourceVersionDate "2021.10.06"]
[SourceQuality "1"]

1. Nf3 d5 2. d4 Nf6 3. c4 c6 4. g3 e6 5. Bg2 Bd6 6. b3 Nbd7 7. Bb2 0-0 8. 0-0 Ne4 9. Nbd2 f5 10. Ne5 Nxe5 11. dxe5 Bc5 12. e3 Bd7 13. Qc2 Qb6 14. Nf3 Be7 15. Rad1 Rac8 16. Bd4 Qd8 17. Nd2 b6 18. f3 Ng5 19. h4 Nf7 20. Rfe1 g5 21. hxg5 Nxg5 22. f4 Ne4 23. Nxe4 dxe4 24. Kf2 c5 25. Bc3 Qe8 26. Rh1 Bc6 27. Qe2 Rd8 28. Rxd8 Bxd8 29. g4 Rf7 30. gxf5 exf5 31. Bh3 Qe6 32. Qh5 Bd7 33. Rd1 Be7 34. Kg2 Kf8 35. Kh2 Be8 36. Be1 Qg6 37. Qxg6 hxg6 38. Bf1 Rh7+ 39. Kg1 g5 40. Rd2 g4 41. Rh2 Kg7 42. Bc3 Rxh2 43. Kxh2 Bh4 44. Kg2 Kf7 45. b4 Ke6 46. b5 Ke7 47. Be2 Bf7 48. a4 Be6 49. a5 bxa5 50. Bxa5 Kd7 51. b6 axb6 52. Bxb6 Kc6 53. Ba5 Kb7 54. Kf1 Be7 1/2-1/2

[Event "Quebec op U2000"]
[Site "Ste Foy"]
[Date "2017.08.19"]
[Round "9.16"]
[White "Abran, David"]
[Black "Fecteau, Martin"]
[Result "1-0"]
[WhiteElo "1778"]
[BlackElo "1947"]
[PlyCount "53"]
[EventDate "2017.08.12"]
[EventType "swiss"]
[EventRounds "9"]
[EventCountry "CAN"]
[SourceTitle "EXT 2022"]
[Source "ChessBase"]
[SourceDate "2021.10.06"]
[SourceVersion "1"]
[SourceVersionDate "2021.10.06"]
[SourceQuality "1"]

1. e4 e5 2. f4 d6 3. Nf3 Nc6 4. d4 exd4 5. Nxd4 Bd7 6. Nc3 Qe7 7. Be2 0-0-0 8. 0-0 Nf6 9. Bf3 Kb8 10. Be3 Nxd4 11. Qxd4 c5 12. Qd3 Qe8 13. h3 Bc6 14. Rfe1 Be7 15. a4 Rd7 16. Nd5 Bxd5 17. exd5 Rc7 18. b4 cxb4 19. Qd4 b6 20. Qxb4 Qd8 21. a5 Rb7 22. axb6 axb6 23. Bxb6 Qd7 24. Qa5 Kc8 25. Re3 Bd8 26. Rc3+ Bc7 27. Rxc7+ 1-0